[Event "POL-chT U19 2nd League"]
[White "Mrozowski, Patryk"]
[Black "Sendobry, Adam"]
[Site "Szczyrk"]
[Round "9.68"]
[Result "1-0"]
[Date "2014.07.31"]
[WhiteElo "1795"]
[BlackElo "1417"]
[PlyCount "65"]
[EventDate "2014.07.25"]
[EventType "team-swiss"]
[EventRounds "11"]
[EventCountry "POL"]
[SourceTitle "EXT 2015"]
[Source "ChessBase"]
[SourceDate "2014.11.20"]
[SourceVersion "1"]
[SourceVersionDate "2014.11.20"]
[SourceQuality "1"]
[WhiteTeam "Krosno KKSz Urania U19"]
[BlackTeam "Mikolow AKS U19"]
[WhiteTeamCountry "POL"]
[BlackTeamCountry "POL"]

1. e4 e6 2. d4 d5 3. e5 c5 4. c3 Nc6 5. Nf3 Qb6 6. a3 Bd7 7. b4 cxd4 8. cxd4 Nge7 9. Nc3 Rc8 10. Na4 Qd8 11. Bb2 Nf5 12. Rc1 a5 13. b5 Na7 14. Nc3 b6 15. Bd3 Ne7 16. 0-0 Ng6 17. g3 Be7 18. h4 0-0 19. h5 Nh8 20. Kg2 g6 21. Rh1 Kg7 22. hxg6 fxg6 23. Qd2 Nf7 24. Rce1 Bg5 25. Nxg5 Qxg5 26. f4 Qe7 27. Rh2 Rh8 28. Reh1 Rcf8 29. Qe2 Nd8 30. Qg4 Nf7 31. Rxh7+ Rxh7 32. Qxg6+ Kh8 33. Qxh7# 1-0

[Event "POL Region-ch U11"]
[White "Burzak, Wojciech"]
[Black "Sendobry, Adam"]
[Site "Szczyrk"]
[Round "7.7"]
[Result "1-0"]
[Date "2012.10.21"]
[WhiteElo "1391"]
[BlackElo "1315"]
[PlyCount "63"]
[EventDate "2012.10.14"]
[EventType "swiss"]
[EventRounds "9"]
[EventCountry "POL"]
[SourceTitle "EXT 2023"]
[Source "ChessBase"]
[SourceDate "2022.10.05"]
[SourceVersion "1"]
[SourceVersionDate "2022.10.05"]
[SourceQuality "1"]

1. e4 e6 2. d4 d5 3. exd5 exd5 4. Nf3 Bd6 5. c4 c6 6. Nc3 Be6 7. c5 Bc7 8. Bd3 Nf6 9. 0-0 0-0 10. Bg5 h6 11. Bh4 Nbd7 12. Re1 Re8 13. Ne5 Qb8 14. f4 Nxe5 15. fxe5 Nd7 16. Qf3 Bd8 17. Bxd8 Qxd8 18. Ne2 Qe7 19. Nf4 Rf8 20. Qh5 Qe8 21. Re3 Kh8 22. g4 f6 23. Ng6+ Kg8 24. Nxf8 Qxf8 25. Qg6 Qf7 26. Qh7+ Kf8 27. Bg6 Qg8 28. Qxg8+ Kxg8 29. exf6 Bxg4 30. f7+ Kh8 31. Re8+ Nf8 32. Rxa8 1-0